000 00310nam a22001337a 4500
008 170201b xxu||||| |||| 00| 0 eng d
020 _a34938
041 _aeng
080 _a61
100 _a3
101 _aSHM
245 _aEVALUATING CLINICAL COMPETENCE IN THE HEALTH PROFESSIONS
_cMORGAN
942 _2udc
_cBK
999 _c4197
_d4197